Treatise on the breeding and management of live stock : comprising cattle, sheep, horses, asses, mules, pigs, deer, goats, rabbits, poultry, bees, fish, &c. &c. &c. In which the principals and proceedings of the new school of breeders are fully and experimently discussed. To which are added directions for making butter and cheese, curing hams, pickling pork and tongues, preserving eggs, &c. &c. With an appendix, containing tables of prices in the live and dead markets, with some extraordinary sales of cattle and sheep, and other particulars. The whole interspersed with various information of importance to breeders, graziers, farmers, and the public at large. In two volumes. ... Elucidated by eight copper-plates, and several engravings on wood /

Niall Kenny description: Extremely scarce; not in RCVS; not recorded in NUC. Pagination error: Vol. II page 108 as '105' Printer's imprint: "Printed by T. Davison, Lombard-street, Whitefriars, London."

Bibliographic Details
Main Author: Parkinson, Richard, 1748-1815
Format: Book
Language:English
Subjects:

MARC

Tag First Indicator Second Indicator Subfields
LEADER 00000cam a2200000I 4500
001 in00004518821
005 20160225101918.0
008 120806s1810 enka 001 0 eng d
035 |a (OCoLC)ocm05954093 
035 |a (OCoLC)5954093 
040 |a VIC  |b eng  |c VIC  |d OCLCQ  |d OCLCG  |d OCLCQ  |d OCLCF  |d OCLCQ  |d TMV  |d UtOrBLW 
049 |a TMVM 
050 4 |a SF105  |b .P24 
060 4 |a SF 105.5.G7  |b P247t 1810 
100 1 |a Parkinson, Richard,  |d 1748-1815. 
245 1 0 |a Treatise on the breeding and management of live stock :  |b comprising cattle, sheep, horses, asses, mules, pigs, deer, goats, rabbits, poultry, bees, fish, &c. &c. &c. In which the principals and proceedings of the new school of breeders are fully and experimently discussed. To which are added directions for making butter and cheese, curing hams, pickling pork and tongues, preserving eggs, &c. &c. With an appendix, containing tables of prices in the live and dead markets, with some extraordinary sales of cattle and sheep, and other particulars. The whole interspersed with various information of importance to breeders, graziers, farmers, and the public at large. In two volumes. ... Elucidated by eight copper-plates, and several engravings on wood /  |c by Richard Parkinson, author of "The experience farmer," "The English farmer in Ireland," "A tour in America," &c. &c. 
264 3 |a London :  |b printed for Cadell and Davies, Strand, and R. Scholey, Paternoster-Row,  |c 1810. 
300 |a 2 volumes (8 unnumbered pages, xxxii, 436 pages, 3 unnumbered leaves of plates; 8 unnumbered pages, 484 pages, 16 unnumbered pages, 5 unnumbered leaves of plates) :  |b illustrations ;  |c 22 cm 
336 |a text  |b txt  |2 rdacontent 
337 |a unmediated  |b n  |2 rdamedia 
338 |a volume  |b nc  |2 rdacarrier 
500 |a Includes index (final [16] pages of volume 2). 
500 |a Signatures volume 1: pi⁴ b-c⁸ B-2E⁸ 2F² 
500 |a Signatures volume 2: pi⁴ B-2I⁸ 2K² 
520 |a Niall Kenny description: Extremely scarce; not in RCVS; not recorded in NUC. Pagination error: Vol. II page 108 as '105' Printer's imprint: "Printed by T. Davison, Lombard-street, Whitefriars, London." 
561 |3 Copy 1  |a Niall Kenny (sold to TMV).  |5 TMV 
561 |3 Copy 2  |a Dreweatts & Bloomsbury Auctions (purchased by TMV, RASE collection sale, July 11, 2014, lot 224); Royal Agricultural Society of England (bookplate).  |5 TMV 
650 0 |a Domestic animals. 
650 0 |a Livestock. 
650 2 |a Livestock. 
650 2 |a Animal Husbandry. 
650 7 |a Domestic animals.  |2 fast  |0 (OCoLC)fst00896543 
650 7 |a Livestock.  |2 fast  |0 (OCoLC)fst01000722 
776 0 8 |i Online version:  |a Parkinson, Richard, 1748-1815.  |t Treatise on the breeding and management of live stock.  |d London, Cadell and Davies, 1810  |w (OCoLC)719404210 
999 f f |s 08b3a9d3-e706-32cf-91a8-2780540a6d76  |i 4665b6bf-fef3-32ae-bfbb-4d57feda1221  |t 0 
952 f f |p noncirc  |a Texas A&M University  |b College Station  |c Medical Sciences Library  |s MSL SC Kenny Collection  |d MSL: Special Collections  |t 0  |e SF 105.5.G7 P247t 1810  |h National Library of Medicine classification  |i unmediated -- volume  |k v.2  |m 3238902290689 
952 f f |p noncirc  |a Texas A&M University  |b College Station  |c Medical Sciences Library  |s MSL SC 1850 and earlier  |d MSL: Special Collections  |t 0  |e SF 105.5.G7 P247t 1810  |h National Library of Medicine classification  |i unmediated -- volume  |k v.1  |m 3238902547303 
952 f f |p noncirc  |a Texas A&M University  |b College Station  |c Medical Sciences Library  |s MSL SC Kenny Collection  |d MSL: Special Collections  |t 0  |e SF 105.5.G7 P247t 1810  |h National Library of Medicine classification  |i unmediated -- volume  |k v.1  |m 3238902292838 
952 f f |p noncirc  |a Texas A&M University  |b College Station  |c Medical Sciences Library  |s MSL SC 1850 and earlier  |d MSL: Special Collections  |t 0  |e SF 105.5.G7 P247t 1810  |h National Library of Medicine classification  |i unmediated -- volume  |k v.2  |m 323890254949F 
998 f f |a SF 105.5.G7 P247t 1810  |s v.1-v.2  |t 0  |l MSL: Special Collections 
998 f f |a SF 105.5.G7 P247t 1810  |s v.1-v.2  |t 0  |l MSL: Special Collections